书目信息 |
| 题名: |
美术人类学
|
|
| 作者: | 徐建融 | |
| 分册: | ||
| 出版信息: | 黑龙江 黑龙江美术出版社 1994 |
|
| 页数: | 410 | |
| 开本: | 19cm | |
| 丛书名: | ||
| 单 册: | ||
| 中图分类: | J022 | |
| 科图分类: | ||
| 主题词: | 艺术理论--基本问题 | |
| 电子资源: | ||
| ISBN: | 7-5318-0190-6 | |
| 000 | 00498nam0 2200181 450 | |
| 001 | 0739037328 | |
| 005 | 20070817105037.32 | |
| 010 | @a7-5318-0190-6@d¥38.00 | |
| 100 | @a20070817d km y0chiy0120 ea | |
| 101 | 0 | @achi |
| 200 | 1 | @a美术人类学@Amei shu ren lei xue@f徐建融@Fxu jian rong |
| 210 | @a黑龙江@c黑龙江美术出版社@d1994 | |
| 215 | @a410@d19cm | |
| 606 | 0 | @a艺术理论@x基本问题 |
| 690 | @aJ022@v3 | |
| 701 | 0 | @a徐建融@Axu jian rong |
| 801 | 0 | @aCN@bPFT@c20070817 |
| 905 | @a213230@dJ022@eM12 | |
| 美术人类学/徐建融.-黑龙江:黑龙江美术出版社,1994 |
| 410;19cm |
| ISBN 7-5318-0190-6:¥38.00 |
| ● |
| 相关链接 |
|
|
|
|
正题名:美术人类学
索取号:J022/M12
 
预约/预借
| 序号 | 登录号 | 条形码 | 馆藏地/架位号 | 状态 | 备注 |
| 1 | 6400212 | 264002126 | 密集书库-美术系/ [索取号:J022/M12] | 在馆 |